<?xml version="1.0" encoding="UTF-8"?>
<record
    xmlns:xsi="http://www.w3.org/2001/XMLSchema-instance"
    xsi:schemaLocation="http://www.loc.gov/MARC21/slim http://www.loc.gov/standards/marcxml/schema/MARC21slim.xsd"
    xmlns="http://www.loc.gov/MARC21/slim">

  <leader>01210nam a2200289 i 4500</leader>
  <controlfield tag="003">DO-SdBNP</controlfield>
  <controlfield tag="005">20240419085508.0</controlfield>
  <controlfield tag="006">a||||gr|||| 00| 0 </controlfield>
  <controlfield tag="007">ta</controlfield>
  <controlfield tag="008">240418e2023    dr a|||| |||| 00| 0 spa d</controlfield>
  <datafield tag="040" ind1=" " ind2=" ">
    <subfield code="a">DO-SdBNP</subfield>
    <subfield code="b">spa</subfield>
    <subfield code="c">BNPHU</subfield>
    <subfield code="e">rda</subfield>
  </datafield>
  <datafield tag="082" ind1=" " ind2="4">
    <subfield code="2">22</subfield>
    <subfield code="b">S168s</subfield>
  </datafield>
  <datafield tag="111" ind1="2" ind2=" ">
    <subfield code="a">XXXIX Exposici&#xF3;n Individual</subfield>
    <subfield code="n">(1</subfield>
    <subfield code="d">2023</subfield>
    <subfield code="c">Museo Nacional de Historia y Geograf&#xED;a, Santo Domingo).</subfield>
    <subfield code="9">85275</subfield>
    <subfield code="j">autor</subfield>
  </datafield>
  <datafield tag="245" ind1="1" ind2="0">
    <subfield code="a">Sinfon&#xED;as pict&#xF3;ricas:</subfield>
    <subfield code="b">XXXIX exposici&#xF3;n individual, Museo Nacional de historia y geograf&#xED;a, desde el 19 de octubre hasta el 19 de noviembre 2023/  </subfield>
    <subfield code="c">Fabr&#xE9; Sallent; presentaci&#xF3;n, Freddy Ginebra.</subfield>
  </datafield>
  <datafield tag="264" ind1=" " ind2="4">
    <subfield code="a">[Santo Domingo]</subfield>
    <subfield code="b">Museo Nacional de Historia y Geograf&#xED;a,</subfield>
    <subfield code="c">2023</subfield>
  </datafield>
  <datafield tag="300" ind1=" " ind2=" ">
    <subfield code="a">6 hojas plegables :</subfield>
    <subfield code="b">Ilustraciones ;</subfield>
    <subfield code="c">27 cm.</subfield>
  </datafield>
  <datafield tag="336" ind1=" " ind2=" ">
    <subfield code="2">rdacontent</subfield>
    <subfield code="a">texto</subfield>
    <subfield code="b">txt</subfield>
  </datafield>
  <datafield tag="337" ind1=" " ind2=" ">
    <subfield code="2">rdamedia</subfield>
    <subfield code="a">sin mediaci&#xF3;n</subfield>
    <subfield code="b">n</subfield>
  </datafield>
  <datafield tag="338" ind1=" " ind2=" ">
    <subfield code="2">rdacarrier</subfield>
    <subfield code="a">volulmen</subfield>
    <subfield code="b">nc</subfield>
  </datafield>
  <datafield tag="590" ind1=" " ind2=" ">
    <subfield code="a">Inventariado 2024 / MF</subfield>
  </datafield>
  <datafield tag="600" ind1="1" ind2="4">
    <subfield code="2">Sallent, Fabr&#xE9; </subfield>
    <subfield code="x">Exposici&#xF3;n Pinturas.</subfield>
    <subfield code="9">85276</subfield>
  </datafield>
  <datafield tag="650" ind1=" " ind2="4">
    <subfield code="a">Arte dominicano</subfield>
    <subfield code="9">84600</subfield>
    <subfield code="x">Exposiciones</subfield>
  </datafield>
  <datafield tag="650" ind1=" " ind2="4">
    <subfield code="a">Pintura </subfield>
    <subfield code="x">Exposiciones</subfield>
    <subfield code="9">80083</subfield>
  </datafield>
  <datafield tag="650" ind1=" " ind2="4">
    <subfield code="a">Pintura</subfield>
    <subfield code="9">80232</subfield>
    <subfield code="z">Rep&#xFA;blica Dominicana</subfield>
  </datafield>
  <datafield tag="700" ind1="1" ind2=" ">
    <subfield code="a">Ginebra, Freddy,</subfield>
    <subfield code="9">21605</subfield>
    <subfield code="e">pr&#xF3;logo</subfield>
  </datafield>
  <datafield tag="942" ind1=" " ind2=" ">
    <subfield code="2">ddc</subfield>
    <subfield code="c">LF2</subfield>
  </datafield>
  <datafield tag="952" ind1=" " ind2=" ">
    <subfield code="0">0</subfield>
    <subfield code="1">0</subfield>
    <subfield code="2">ddc</subfield>
    <subfield code="5">1</subfield>
    <subfield code="7">0</subfield>
    <subfield code="8">PD</subfield>
    <subfield code="a">BNPHU</subfield>
    <subfield code="b">BNPHU</subfield>
    <subfield code="c">CT</subfield>
    <subfield code="d">2023-12-01</subfield>
    <subfield code="e">Deposito Legal /Editora B&#xFA;ho</subfield>
    <subfield code="l">0</subfield>
    <subfield code="o">S168s</subfield>
    <subfield code="p">2024-2352</subfield>
    <subfield code="r">2024-04-18</subfield>
    <subfield code="w">2024-04-18</subfield>
    <subfield code="y">LF2</subfield>
  </datafield>
  <datafield tag="952" ind1=" " ind2=" ">
    <subfield code="0">0</subfield>
    <subfield code="1">0</subfield>
    <subfield code="2">ddc</subfield>
    <subfield code="5">1</subfield>
    <subfield code="7">0</subfield>
    <subfield code="8">PD</subfield>
    <subfield code="a">BNPHU</subfield>
    <subfield code="b">BNPHU</subfield>
    <subfield code="c">CT</subfield>
    <subfield code="d">2023-12-01</subfield>
    <subfield code="e">Deposito Legal /Editora B&#xFA;ho</subfield>
    <subfield code="l">0</subfield>
    <subfield code="o">S168s</subfield>
    <subfield code="p">2024-2353</subfield>
    <subfield code="r">2024-04-18</subfield>
    <subfield code="t">e.2</subfield>
    <subfield code="w">2024-04-18</subfield>
    <subfield code="y">LF2</subfield>
  </datafield>
  <datafield tag="952" ind1=" " ind2=" ">
    <subfield code="0">0</subfield>
    <subfield code="1">0</subfield>
    <subfield code="2">ddc</subfield>
    <subfield code="5">6</subfield>
    <subfield code="7">0</subfield>
    <subfield code="8">DS</subfield>
    <subfield code="a">BNPHU</subfield>
    <subfield code="b">BNPHU</subfield>
    <subfield code="c">CT</subfield>
    <subfield code="d">2023-12-01</subfield>
    <subfield code="e">Deposito Legal /Editora B&#xFA;ho</subfield>
    <subfield code="l">0</subfield>
    <subfield code="o">S168s</subfield>
    <subfield code="p">2024-2354</subfield>
    <subfield code="r">2024-04-18</subfield>
    <subfield code="t">e.3</subfield>
    <subfield code="w">2024-04-18</subfield>
    <subfield code="y">LF2</subfield>
  </datafield>
  <datafield tag="999" ind1=" " ind2=" ">
    <subfield code="c">56447</subfield>
    <subfield code="d">56447</subfield>
  </datafield>
</record>
